000 00970nam a22002897a 4500
001 BR7902679
003 BR-BrBNA
005 20230928090015.0
007 ta
008 230509b bl.||||| |||| 00| 0 por d
040 _aBR-BrBNA
_bpor
_cBiblioteca Nacional de Agricultura
041 _a(Por)
072 _aF00; H00; F25
_b/G514
090 _ F00 BR7902679
110 1 _aFaculdade de Agronomia do Medio Sao Francisco, Juazeiro, BA (Brasil)
_94456
111 1 _a2. Encontro Agronomico do Medio Sao Francisco
_cJuazeiro, BA (Brazil)
_d12 Oct 1976
245 1 _aAnais do 2. Encontro Agronomico do Medio Sao Francisco [Producao vegetal; Defesa vegetal; Fertilidade do solo; Brasil]
260 3 _aJuazeiro, BA (Brasil):
_c1978.
300 _a152 p.
650 _aProducao vegetal
650 _aDefesa vegetal
650 _aFertilidade do solo
650 _aPraga de planta
650 _aDoenca de planta
909 _a202309
_bLucia
_c55
_dLucia Elande
942 _cBK
999 _c27409
_d27409